LEADER 00874nam a2200217 i 4500 001 000000179337 003 CaOOAMICUS 005 20090509000000.0 008 090509s1980 fr u000 u fre u 013 $a156913 040 $aSeMil$bita 100 1 $aContamine, Philippe.$0(OLS)http://semarc/name/57494 245 13$aLa guerre au moyen age /$cPhilippe Contamine. 260 $aParis :$bPresses Universitaires de France,$c1980. 300 $a516 p. :$bill. ;$c19 cm. 490 0 $aNouvelle Clio : l'Histoire et ses problèmes ;$v24 830 0$aNouvelle Clio ;$v24.$0(OLS)http://semarc/title/15973 850 $aSeMil 852 $aSeMil$W1$xVenegono$y1$m3B I 152$j130100$B130100$CSeMilBibl$Z2$F141596 $81 996 $6245$aLa guerre au moyen age$9(OLS)http://semarc/title/257505 996 $6260$aParis :$bPresses Universitaires de France$9(OLS)http://semarc/publisher/30047 LEADER 01301nam a2200265 i 4500 001 000000195756 003 CaOOAMICUS 005 20110304000000.0 008 110304s1981 it u000 u ita u 013 $a174436 040 $aSeMil$bita 245 12$aI deportati pavesi nei lager nazisti /$csaggi e testimonianze a cura di Donata Brianta ... [et al.] ; presentazione di Giulio Guderzo. 260 $aPavia :$bAmministrazione provinciale di Pavia : Ufficio servizi culturali,$cstampa 1981. 300 $a175 p. ;$c24 cm. 490 0 $aAnnali di storia pavese ;$v1 650 4$aCampi di concentramento.$0(OLS)http://semarc/subject/5438 650 4$aPavia - Resistenza.$0(OLS)http://semarc/subject/36150 700 1 $aGuderzo, Giulio.$0(OLS)http://semarc/name/7588 700 1 $aBrianta, Donata.$0(OLS)http://semarc/name/23116 830 0$aAnnali di storia pavese ;$v1.$0(OLS)http://semarc/title/3034 850 $aSeMil 852 $aSeMil$W1$xVenegono$y1$m3U VI 258$j146325$B146325$CSeMilBibl$Z2$F165895 $81 961 $aOmaggio: Grampa dott. Cesare 996 $6245$aI deportati pavesi nei lager nazisti$9(OLS)http://semarc/title/282537 996 $6260$aPavia :$bAmministrazione provinciale di Pavia : Ufficio servizi culturali$9(OLS)http://semarc/publisher/50784